000 01006nam a22003257a 4500
003 CHAP
005 20220329140823.0
008 971013s1978 r 00010 d
010 _a58138
011 _a59110
035 _a63267
040 _cCHAP
082 _a551.7
_bS86 1978
100 0 0 _aStokes, William Lee.
_9109862
245 _aIntroduction to geology
_b: physical and historical
250 _a2 ed.
260 _aEnglewood Cliffs, N. J. :
_bPrentice-Hall,
_c1978
300 _a656 p.
_b: ilus.
590 _aBATCH-UPD
_b10
_c20130109
_lUCH01
_h2358
590 _aBATCH-UPD
_b10
_c20130110
_lUCH01
_h0754
590 _aBATCH-UPD
_b10
_c20130410
_lUCH01
_h0434
590 _aBATCH-UPD
_b10
_c20130914
_lUCH01
_h1539
590 _aCONVERSION
_b10
_c20130109
_lUCH01
_h1331
650 1 4 _aGeologĂ­a.
_947604
700 0 _aJudson, Sheldon.
_962272
700 0 _aPicard, M. Dane.
_987945
901 _aBK
942 _cLIBRO
949 _a551.7 S86 1978
_bBC
_cLIBRO
_d33724000518544
_eLIBRO
_h55252
_i63267
_si
999 _c58138
_d58138